[Event "Pan American-ch School U13 12th"]
[Site "Callao"]
[Date "2023.10.20"]
[Round "8"]
[White "Mercado Diaz, Fabricio Edwin"]
[Black "Heredia Barrios, Sheldon Biuler"]
[Result "1-0"]
[WhiteElo "1680"]
[BlackElo "1193"]
[PlyCount "105"]
[EventDate "2023.10.16"]
[EventType "swiss"]
[EventRounds "9"]
[EventCountry "PER"]
[SourceTitle "Mega2024 Update 01"]
[Source "Chessbase"]
[SourceDate "2023.11.12"]
[SourceVersion "1"]
[SourceVersionDate "2023.11.12"]
[SourceQuality "1"]

1. e4 e6 2. d4 d5 3. Nd2 Nf6 4. e5 Nfd7 5. Bd3 c5 6. c3 Nc6 7. Ne2 cxd4 8. cxd4 Nb4 9. Bb1 b6 10. a3 Nc6 11. Bd3 Bb7 12. 0-0 a5 13. f4 Ba6 14. Nf3 Be7 15. f5 0-0 16. Nf4 exf5 17. Nxd5 Re8 18. Bxa6 Rxa6 19. Qd3 Ndb8 20. Nxe7+ Nxe7 21. Bg5 Qd7 22. Bxe7 Rxe7 23. Rfd1 Ra7 24. d5 Re8 25. Qd4 Rb7 26. b4 Qe7 27. Rac1 Nd7 28. d6 Qe6 29. Rc7 Rbb8 30. Ng5 Qg6 31. Rxd7 Qxg5 32. Qd5 Re6 33. Rc7 Qe3+ 34. Kh1 h6 35. d7 Kh7 36. Rc8 Rxe5 37. Qxe5 Qxe5 38. Rxb8 Qxb8 39. d8Q Qe5 40. Qd5 Qf6 41. bxa5 bxa5 42. Qxa5 h5 43. Qb5 g5 44. a4 Kg6 45. a5 Qc3 46. a6 g4 47. a7 Qc2 48. Qb6+ Qc6 49. Qxc6+ f6 50. a8R Kg5 51. Rg8+ Kf4 52. Re1 h4 53. Qc1# 1-0

[Event "Pan American-ch School U13 12th"]
[Site "Callao"]
[Date "2023.10.19"]
[Round "6"]
[White "Mercado Diaz, Fabricio Edwin"]
[Black "Jimenez Espinola, Herles Hazael"]
[Result "0-1"]
[WhiteElo "1680"]
[BlackElo "1319"]
[PlyCount "109"]
[EventDate "2023.10.16"]
[EventType "swiss"]
[EventRounds "9"]
[EventCountry "PER"]
[SourceTitle "Mega2024 Update 01"]
[Source "Chessbase"]
[SourceDate "2023.11.12"]
[SourceVersion "1"]
[SourceVersionDate "2023.11.12"]
[SourceQuality "1"]

1. e4 c5 2. Nf3 g6 3. d4 cxd4 4. Qxd4 Nf6 5. Qa4 Nc6 6. Nc3 d6 7. e5 dxe5 8. Nxe5 Bd7 9. Nxd7 Qxd7 10. Be3 Bg7 11. Rd1 Qc7 12. g3 0-0 13. Bg2 Rfc8 14. 0-0 a6 15. Qb3 Na5 16. Qb6 Nc4 17. Qxc7 Rxc7 18. Bc1 Rac8 19. Rfe1 b5 20. Bh3 e6 21. Re2 Nh5 22. g4 Nxb2 23. gxh5 Rxc3 24. Bxb2 Rxh3 25. Bxg7 Kxg7 26. hxg6 hxg6 27. Rd7 Kf6 28. Rd6 Ra3 29. Re3 Rxe3 30. fxe3 Rxc2 31. Rxa6 Rb2 32. Rb6 b4 33. Rb5 Kg7 34. e4 f6 35. Rb7+ Kh6 36. Rb6 e5 37. Rxf6 Rxa2 38. Rb6 Rb2 39. Rb5 b3 40. h4 g5 41. hxg5+ Kxg5 42. Rxe5+ Kf4 43. Rb5 Kxe4 44. Kf1 Kd3 45. Ke1 Kc3 46. Rc5+ Kb4 47. Rc8 Rh2 48. Kd1 b2 49. Rb8+ Ka3 50. Ra8+ Kb3 51. Rb8+ Ka2 52. Ra8+ Kb1 53. Rb8 Rh5 54. Rd8 Ra5 55. Rd2 0-1

[Event "Cochabamba GP op 4th"]
[Site "Cochabamba"]
[Date "2023.09.07"]
[Round "1"]
[White "Mollo Taquemallco, Jhair Ernesto"]
[Black "Mercado Diaz, Fabricio Edwin"]
[Result "0-1"]
[WhiteElo "1113"]
[BlackElo "1658"]
[PlyCount "90"]
[EventDate "2023.09.07"]
[EventType "swiss"]
[EventRounds "7"]
[EventCountry "BOL"]
[SourceTitle "EXT 2024"]
[Source "ChessBase"]
[SourceDate "2023.10.10"]
[SourceVersion "1"]
[SourceVersionDate "2023.10.10"]
[SourceQuality "1"]

1. e4 c5 2. Nf3 g6 3. d4 cxd4 4. Nxd4 Nc6 5. Nc3 Bg7 6. Be3 Nf6 7. Bc4 Qa5 8. f3 Qb4 9. Bb3 Nxe4 10. Nxc6 Bxc3+ 11. bxc3 Qxc3+ 12. Ke2 dxc6 13. Bd4 e5 14. Bxc3 Nxc3+ 15. Ke3 Nxd1+ 16. Rhxd1 Ke7 17. Ke4 f6 18. g4 Be6 19. Rd2 Rad8 20. Rad1 Bxb3 21. cxb3 Rxd2 22. Rxd2 Rd8 23. Rxd8 Kxd8 24. f4 exf4 25. Kxf4 Ke7 26. g5 fxg5+ 27. Kxg5 Kf7 28. a4 a5 29. h4 b5 30. Kf4 Kf6 31. Ke4 Ke6 32. Kd4 Kd6 33. Ke4 bxa4 34. bxa4 c5 35. Kd3 Kd5 36. Kc3 c4 37. Kd2 Kd4 38. Kc2 c3 39. Kc1 Kd3 40. Kd1 h5 41. Kc1 c2 42. Kb2 Kd2 43. Ka2 c1Q 44. Kb3 Qc3+ 45. Ka2 Qb4 0-1

[Event "Cochabamba Hurtado Memorial"]
[Site "Cochabamba"]
[Date "2023.08.05"]
[Round "3"]
[White "Cueto Chajtur, Johny"]
[Black "Mercado Diaz, Fabricio Edwin"]
[Result "1-0"]
[WhiteElo "2114"]
[BlackElo "1657"]
[PlyCount "88"]
[EventDate "2023.08.04"]
[EventType "swiss"]
[EventRounds "7"]
[EventCountry "BOL"]
[SourceTitle "CBM 215 Extra"]
[Source "ChessBase"]
[SourceDate "2023.09.30"]
[SourceVersion "1"]
[SourceVersionDate "2023.09.30"]
[SourceQuality "1"]

1. d4 Nf6 2. Bg5 c5 3. d5 g6 4. Nc3 Bg7 5. e4 d6 6. Qd2 a6 7. a4 Qb6 8. Ra2 Nbd7 9. Be2 Qb4 10. f3 Ne5 11. f4 Nc4 12. Bxc4 Qxc4 13. Qd3 Qb4 14. Nge2 h6 15. Bh4 g5 16. Bg3 gxf4 17. Bxf4 Ng4 18. 0-0 h5 19. h3 c4 20. Qg3 Qc5+ 21. Kh1 Bh6 22. Raa1 Bd7 23. Qh4 0-0-0 24. Bxh6 Nxh6 25. Qxe7 Rdg8 26. Qf6 Ng4 27. Qd4 Qxd4 28. Nxd4 Ne3 29. Rf2 Rg3 30. Nde2 Rg7 31. Nf4 b5 32. axb5 a5 33. Re1 Ng4 34. Rff1 Ne5 35. Ra1 Rhg8 36. Rxa5 Kd8 37. Ra8+ Kc7 38. Rxg8 Rxg8 39. Nxh5 Rh8 40. Nf4 Ng4 41. Kg1 Ne3 42. Rf2 Ra8 43. Re2 Ra1+ 44. Kf2 Nd1+ 1-0

[Event "La Paz Casa Argentina op"]
[Site "La Paz"]
[Date "2023.07.09"]
[Round "7"]
[White "Mercado Diaz, Fabricio Edwin"]
[Black "Quispe Mamani, Nikaela Nazaret"]
[Result "1-0"]
[WhiteElo "1592"]
[BlackElo "1377"]
[PlyCount "73"]
[EventDate "2023.07.06"]
[EventType "swiss"]
[EventRounds "7"]
[EventCountry "BOL"]
[SourceTitle "CBM 215 Extra"]
[Source "ChessBase"]
[SourceDate "2023.09.30"]
[SourceVersion "1"]
[SourceVersionDate "2023.09.30"]
[SourceQuality "1"]

1. e4 c5 2. Nf3 g6 3. d4 cxd4 4. Qxd4 Nf6 5. Qa4 Nc6 6. Nc3 d6 7. e5 dxe5 8. Nxe5 Bd7 9. Nxd7 Qxd7 10. Be3 Qg4 11. Qb3 Qb4 12. Be2 Bg7 13. Bf3 Qxb3 14. axb3 a6 15. Ke2 Rc8 16. Ra4 e6 17. Rc4 Kd7 18. Na4 Nd5 19. Rd1 Ke7 20. Bc5+ Kf6 21. Bxd5 exd5 22. Rxd5 b5 23. Rf4+ Ke6 24. Nb6 Bxb2 25. Re4+ Ne5 26. f4 Kf5 27. Rexe5+ Bxe5 28. Nxc8 Rxc8 29. fxe5 Ke4 30. c4 a5 31. Bd6 a4 32. Rxb5 axb3 33. c5 Kd5 34. Rxb3 Ra8 35. Rb2 Re8 36. Kf3 Rf8 37. Bxf8 1-0

[Event "Cochabamba op 6th"]
[Site "Cochabamba"]
[Date "2023.03.03"]
[Round "3"]
[White "Mercado Diaz, Fabricio Edwin"]
[Black "Marquez, Ricardo Matias"]
[Result "1-0"]
[WhiteElo "1530"]
[BlackElo "1219"]
[PlyCount "65"]
[EventDate "2023.03.02"]
[EventType "swiss"]
[EventRounds "7"]
[EventCountry "BOL"]
[SourceTitle "CBM 213 Extra"]
[Source "ChessBase"]
[SourceDate "2023.05.31"]
[SourceVersion "1"]
[SourceVersionDate "2023.05.31"]
[SourceQuality "1"]

1. e4 c5 2. Nf3 e6 3. d4 cxd4 4. Nxd4 a6 5. c4 Nc6 6. Nc3 Bb4 7. Be3 Nf6 8. Nxc6 bxc6 9. Qb3 Qa5 10. Bd3 Rb8 11. 0-0 0-0 12. a3 Bd6 13. Qc2 Qh5 14. h3 e5 15. Rfd1 Bc7 16. Be2 Qg6 17. Rab1 d6 18. Kh1 Be6 19. Rd2 d5 20. cxd5 cxd5 21. exd5 Qxc2 22. Rxc2 Bf5 23. Rbc1 Bxc2 24. Rxc2 Bd6 25. Bxa6 Ra8 26. Bb7 Rab8 27. Bc6 e4 28. Bd4 Rb3 29. Ba4 Rbb8 30. Bxf6 gxf6 31. Nxe4 Bf4 32. Nxf6+ Kg7 33. Nh5+ 1-0

[Event "BOL-ch U16"]
[Site "Cochabamba"]
[Date "2023.01.15"]
[Round "7"]
[White "Mercado Diaz, Fabricio Edwin"]
[Black "Zambrana Veizaga, Fabio"]
[Result "1-0"]
[WhiteElo "1529"]
[BlackElo "1304"]
[PlyCount "30"]
[EventDate "2023.01.13"]
[EventType "swiss"]
[EventRounds "7"]
[EventCountry "BOL"]
[SourceTitle "EXT 2024"]
[Source "ChessBase"]
[SourceDate "2023.10.10"]
[SourceVersion "1"]
[SourceVersionDate "2023.10.10"]
[SourceQuality "1"]

1. e4 c5 2. Nf3 d6 3. d4 cxd4 4. Nxd4 Nf6 5. Nc3 Nc6 6. f3 e5 7. Nb3 Be7 8. Be3 0-0 9. Nd5 Be6 10. Nxf6+ Bxf6 11. Qd2 a5 12. Rd1 Be7 13. Be2 a4 14. Nc1 Rc8 15. c3 Na5 1-0

[Event "BOL-ch U16"]
[Site "Cochabamba"]
[Date "2023.01.13"]
[Round "1"]
[White "Mercado Diaz, Fabricio Edwin"]
[Black "Vasquez Bonifacio, Lukas Mathyas"]
[Result "1-0"]
[WhiteElo "1529"]
[BlackElo "1140"]
[PlyCount "68"]
[EventDate "2023.01.13"]
[EventType "swiss"]
[EventRounds "7"]
[EventCountry "BOL"]
[SourceTitle "EXT 2024"]
[Source "ChessBase"]
[SourceDate "2023.10.10"]
[SourceVersion "1"]
[SourceVersionDate "2023.10.10"]
[SourceQuality "1"]

1. e4 c5 2. Nf3 Nc6 3. d4 cxd4 4. Nxd4 Nxd4 5. Qxd4 d6 6. Be3 Nf6 7. Be2 g6 8. Nc3 Bg7 9. h4 a6 10. f4 Be6 11. g4 h6 12. 0-0-0 Rg8 13. Qd2 Rb8 14. g5 hxg5 15. hxg5 Nh5 16. Bd4 Kd7 17. Bxg7 Nxg7 18. Qd4 Nh5 19. Nd5 Bxd5 20. Qxd5 Qc7 21. Bc4 e6 22. Qd4 Rbc8 23. Bb3 Qc5 24. Qxc5 Rxc5 25. f5 Rgc8 26. Rh4 b5 27. Rf1 a5 28. a4 bxa4 29. Bxa4+ Ke7 30. c3 Rc4 31. Bd1 Rh8 32. Kd2 d5 33. Kd3 Rc6 34. Rfh1 Ra6 1-0